000 00688nam a22002057a 4500
005 20100814135038.0
010 _aENG-100356
020 _a9788190798594
_c40.00
035 _aEN-83888
037 _bDBAD/PUB
082 _a483
100 _aVijayakumar, M.
_913653
245 _aIdioms and phrases /
_cby M. Vijayakumar
260 _aChennai
_bFirepen Publication
_c2009
270 _a11A, 1st Floor Somu Street, 4th Lane, Royapuram
_bChennai
_e600013
300 _aiii, 151p.
_c20cm (pbk)
650 _aSubject heading
_913654
942 _2ddc
_cEN
_h483
_mVIJ
999 _c41890
_d41890